000 00450ntaaa2200169 4500
003 01
005 20251027203053.0
008 0714s1973 ag 01
040 _aAR-BaBN
_bspa
_cAR-BaBN
_eaacr
_dRIC
082 _a229.0521 Am3a
245 _aThe Apocrypha
250 _a1 ed.
260 _aNY :
_bAmerican Bible Society,
_c1953
300 _a226 p. ;
_c16 cm
650 _aBiblia. Antiguo Testamento. Apócrifo. Inglés. ABS. 1953
_931966
942 _cBK
999 _c26099
_d26099